The remedy, Prequel / Suzanne Young.
Available copies
- 1 of 1 copy available at LARL/NWRL Consortium.
- 1 of 1 copy available at Lake Agassiz Regional Library. (Show preferred library)
Current holds
0 current holds with 1 total copy.
Show Only Available Copies
| Location | Call Number / Copy Notes | Barcode | Shelving Location | Status | Due Date |
|---|---|---|---|---|---|
| Moorhead Public Library | Y YOU (Text) | 33500012053179 | Main | Available | - |
Record details
- ISBN: 9781481437653 (hardback)
- ISBN: 1481437658 (hardback)
- ISBN: 9781481437660 (trade paperback)
- ISBN: 1481437666 (trade paperback)
- Physical Description: pages cm
- Edition: First Simon Pulse hardcover edition.
- Publisher: New York : Simon Pulse, 2015.
Content descriptions
| General Note: | Companion book to: The Program and The Treatment. |
| Summary, etc.: | Seventeen-year-old Quinn provides closure to ... Read More |
Search for related items by subject
Search for related items by series
| LDR | 02153cam a22005418i 4500 | ||
|---|---|---|---|
| 001 | 178768 | ||
| 003 | LARL_NWRL_CONSORTIUM | ||
| 005 | 20150413094248.0 | ||
| 008 | 141107s2015 nyu d 000 1 eng | ||
| 010 | . | ‡a2014039699 | |
| 019 | . | ‡a881656236 ‡a881659893 ‡a902671256 | |
| 020 | . | ‡a9781481437653 (hardback) | |
| 020 | . | ‡a1481437658 (hardback) | |
| 020 | . | ‡a9781481437660 (trade paperback) | |
| 020 | . | ‡a1481437666 (trade paperback) | |
| 020 | . | ‡z9781481437677 (ebook) | |
| 035 | . | ‡a(OCoLC)894816394 ‡z(OCoLC)881656236 ‡z(OCoLC)881659893 ‡z(OCoLC)902671256 | |
| 040 | . | ‡aDLC ‡beng ‡erda ‡cDLC ‡dYDXCP ‡dBTCTA ‡dBDX | |
| 042 | . | ‡alcac ‡apcc | |
| 050 | 0 | 0. | ‡aPZ7.Y887 ‡bRe 2015 |
| 082 | 0 | 0. | ‡a[Fic] ‡223 |
| 084 | . | ‡aJUV039030 ‡aJUV039090 ‡aJUV039050 ‡2bisacsh | |
| 100 | 1 | . | ‡aYoung, Suzanne. |
| 245 | 1 | 4. | ‡aThe remedy, ‡nPrequel / ‡cSuzanne Young. |
| 250 | . | ‡aFirst Simon Pulse hardcover edition. | |
| 260 | . | ‡aNew York : ‡bSimon Pulse, ‡c2015. | |
| 300 | . | ‡apages cm | |
| 336 | . | ‡atext ‡2rdacontent | |
| 337 | . | ‡aunmediated ‡2rdamedia | |
| 338 | . | ‡avolume ‡2rdacarrier | |
| 490 | 0 | . | ‡aProgram ; ‡vprequel |
| 500 | . | ‡aCompanion book to: The Program and The Treatment. | |
| 520 | . | ‡aSeventeen-year-old Quinn provides closure to grieving families by taking on the short-term role of a deceased loved one, until huge secrets come to the surface about Quinn's own past. | |
| 650 | 1. | ‡aDeath ‡vFiction. ‡0(LARL_NWRL_CONSORTIUM)164548 | |
| 650 | 1. | ‡aGrief ‡vFiction. ‡0(LARL_NWRL_CONSORTIUM)165491 | |
| 650 | 1. | ‡aIdentity ‡vFiction. | |
| 650 | 1. | ‡aMemory ‡vFiction. ‡0(LARL_NWRL_CONSORTIUM)166179 | |
| 650 | 1. | ‡aScience fiction. ‡0(LARL_NWRL_CONSORTIUM)30394 | |
| 650 | 7. | ‡aJUVENILE FICTION / Social Issues / Death & Dying. ‡2bisacsh | |
| 650 | 7. | ‡aJUVENILE FICTION / Social Issues / New Experience. ‡2bisacsh | |
| 650 | 7. | ‡aJUVENILE FICTION / Social Issues / Emotions & Feelings. ‡2bisacsh | |
| 948 | . | ‡hNO HOLDINGS IN LAL - 38 OTHER HOLDINGS | |
| 994 | . | ‡aZ0 ‡bLAL | |
| 901 | . | ‡a178768 ‡bOCLC ‡c178768 ‡tbiblio | |

Add to basket
Permalink
Disable Highlighting